| 000 | 00799cam a22002657a 4500 | ||
|---|---|---|---|
| 005 | 20260322212022.0 | ||
| 008 | data | ||
| 010 | _a 2005934797 | ||
| 020 | _a0974848433 | ||
| 020 | _a9780974848433 | ||
| 040 |
_aDLC _cDLC _dDLC |
||
| 050 | 0 | 0 |
_aRC537 _b.D662 2006 |
| 082 | 0 | 0 |
_a616.85/27 _222 |
| 092 | _a616.85 D662 2006 | ||
| 100 | 1 | _aDonovan, Charles E. | |
| 245 | 1 | 0 |
_aOut of the black hole : _ba patient's guide to vagus nerve stimulation and depression / _cCharles E. Donovan. |
| 250 | _a1st ed. | ||
| 260 |
_a[St. Louis, N.C.] : _bWellness Publishers, _cc2006. |
||
| 300 |
_axix, 215 p. : _bill. ; _c22 cm. |
||
| 500 |
_aLC copy signed by author. _5DLC |
||
| 504 | _aIncludes bibliographical references. | ||
| 650 | 0 |
_aDepression, Mental _xTreatment. |
|
| 650 | 0 | _aVagus nerve. | |
| 001 | data | ||
| 999 |
_c503 _d503 |
||